Dilapidations : law and practice. (Record no. 101215)
[ view plain ]
| 000 -LEADER | |
|---|---|
| fixed length control field | 00394cam a2200157 4500 |
| 001 - CONTROL NUMBER | |
| control field | J111246 |
| 008 - FIXED-LENGTH DATA ELEMENTS--GENERAL INFORMATION | |
| fixed length control field | 000000n1897 000 0 eng u |
| 035 ## - SYSTEM CONTROL NUMBER | |
| System control number | (Sirsi) u111246 |
| 050 ## - LIBRARY OF CONGRESS CALL NUMBER | |
| Classification number | 346.410434 |
| 100 ## - MAIN ENTRY--PERSONAL NAME | |
| Personal name | Macer, Alfred T |
| 245 ## - TITLE STATEMENT | |
| Title | Dilapidations : law and practice. |
| 250 ## - EDITION STATEMENT | |
| Edition statement | 2nd ed. |
| 260 ## - PUBLICATION, DISTRIBUTION, ETC. | |
| Place of publication, distribution, etc. | London |
| Name of publisher, distributor, etc. | Estates Gazette |
| Date of publication, distribution, etc. | 1897 |
| 300 ## - PHYSICAL DESCRIPTION | |
| Extent | viii,150p. ; 19cm. |
| 942 ## - ADDED ENTRY ELEMENTS (KOHA) | |
| Suppress in OPAC | 0 |
| Withdrawn status | Lost status | Source of classification or shelving scheme | Damaged status | Not for loan | Home library | Current library | Shelving location | Date acquired | Total Checkouts | Full call number | Barcode | Date last seen | Copy number | Price effective from | Koha item type |
|---|---|---|---|---|---|---|---|---|---|---|---|---|---|---|---|
| Dewey Decimal Classification | London | London | Basement | 02/03/2001 | SHELF 118 | 30063370 | 06/08/2019 | 1 | 06/08/2019 | Reference material |